Quizzes
Events
Quiz Creation
Community
Videos
Private Events
Remove Ads
Sign In
Join for FREE
Feedback
Dark Mode
Quiz Categories
Sports
Geography
Music
Movies
Television
Just For Fun
Miscellaneous
History
Literature
Language
Science
Gaming
Entertainment
Religion
Holiday
For Kids
Quiz Lab
Recent
Popular Today
Quiz Kudos Today
Editor Picks
Curator Picks
Quizzes by...
Day
Popularity
Type
Ratings
Length
Year
Community
Subscriptions
Recent Discussions
Orange Saloon
Badges
Playlists
Quests
Create
Leaderboards
Showdown
Live 5
Trivia Bingo
Activity
Puzzle Library
Sporcle Events
Private Events
Virtual Trivia
Globe League
Become a Host
Pub Owners
SporcleCon
Opinionation
Our Games
Videos
Blog
Mobile Apps
Partnerships
Remove Ads and Go Orange
Feedback
Sports
Athletes
MLB
NBA
NHL
NFL
Soccer
Sports Teams
WWE
NCAA
Football
Premier League
Basketball
Baseball
Hockey
Golf
Tennis
Cricket
Rugby
Auto Racing
Olympics
World Cup
Sports
Athletes
MLB
NBA
NHL
NFL
Soccer
Sports Teams
WWE
NCAA
Football
Premier League
Basketball
Baseball
Hockey
Golf
Tennis
Cricket
Rugby
Auto Racing
Olympics
World Cup
Random Quiz
Search Sporcle
×
Quiz Lab
Quiz Lab
Sports
NHL
Type in answers that appear in a list
Type in answers that appear in a list
Classic
Best Score? Go Orange.
NHL Lester B. Pearson Award Stats
Can you name the most outstanding player in the regular season as judged by the members of the NHLPA?
By
breloom
5m
38 Questions
752 Plays
752 Plays
752 Plays
Comments
Comments
Give Quiz Kudos
Give Quiz Kudos
-
- Ratings
hide this ad
Replay
Link that replays current quiz
Next Quiz
Link to next quiz in quiz playlist
You Got
0%
They Got
Avg Score
91%
Avg Friend Score
Upgrade to see
Score Distribution
Jump to the score distribution portion of the page
Score
0/38
Timer
05:00
0
Plays Today
Year
Player
% Correct
1981-
82
Wayne Gretzky
99.3%
1982-
83
Wayne Gretzky
99.3%
1983-
84
Wayne Gretzky
99.3%
1984-
85
Wayne Gretzky
99.3%
1986-
87
Wayne Gretzky
99.3%
1998-
99
Jaromir Jagr
99.1%
1999-
00
Jaromir Jagr
99.1%
2005-
06
Jaromir Jagr
99.1%
2006-
07
Sidney Crosby
99.1%
2007-
08
Alexander Ovechkin
99.1%
2008-
09
Alexander Ovechkin
99.1%
1985-
86
Mario Lemieux
98.9%
1987-
88
Mario Lemieux
98.9%
1992-
93
Mario Lemieux
98.9%
1995-
96
Mario Lemieux
98.9%
1989-
90
Mark Messier
97.9%
1991-
92
Mark Messier
97.9%
2000-
01
Joe Sakic
97.7%
2003-
04
Martin St. Louis
97.1%
Year
Player
% Correct
1988-
89
Steve Yzerman
96.8%
2001-
02
Jarome Iginla
96.8%
1996-
97
Dominik Hasek
94.4%
1997-
98
Dominik Hasek
94.4%
1974-
75
Bobby Orr
94.3%
1994-
95
Eric Lindros
93.6%
2002-
03
Markus Naslund
91.6%
1975-
76
Guy Lafleur
89.9%
1976-
77
Guy Lafleur
89.9%
1977-
78
Guy Lafleur
89.9%
1990-
91
Brett Hull
89.1%
1993-
94
Sergei Fedorov
89.1%
1970-
71
Phil Esposito
87.9%
1972-
73
Phil Esposito
87.9%
1973-
74
Bobby Clarke
84.7%
1978-
79
Marcel Dionne
84.7%
1979-
80
Marcel Dionne
84.7%
1971-
72
Jean Ratelle
36.2%
1980-
81
Mike Liut
34.7%
Quiz Playlist
Details
Report
Send in Message
Add To Playlist
Classic:
Type in answers that appear in a list
Last Updated: Feb 16, 2017
Quiz Scoreboard
CHALLENGE
Sign Up to Join the Scoreboard
Show All
Scores
Hide
Comments
May contain spoilers
Recently Published
An Introduction to Baseball
by treessimontrees
Sports
5m
Movies - When Are They Set?
by FPL_Elf
Movies
5m
Popular People in 1961
by mucciniale
History
6m
More to Explore
Quiz From the Vault
Featured Blog Post
Where Did the Easter Bunny Come From?
hide this ad
You Might Also Like...
Tags
NHL Quiz
Award
Judged
Lester
Outstanding
pearson
Player
regular
season
team
Today's Top Quizzes in Sports
Browse Sports
hide this ad
Today's Top Quizzes in NHL
Browse NHL
Top Contributed Quizzes in Sports
1
Les meilleurs buteurs des matchs entre le PSG et l’OM
2
2022 World Cup Stars
3
FIFA Club World Cup Champions
4
Les entraîneurs de l'OM et du PSG au 21e siècle
5
Name the Premier League winners with different clubs
6
La finale Lions - Afrique du Sud 2021
7
Criteria MLB: Left Handed Sluggers
8
Les joueurs passés par le LOSC et le RC Lens
9
Players with Multiple 50 Home Run Seasons
10
MLB Players with Two .350 Batting Average Seasons
Explore More
Trending Topics
NBA
Crossword
Marvel
Disney
Anime
Kpop
Harry Potter
Country
Puzzle
The Office
WWE
NFL
Pokémon
Soccer
Song
hide this ad
More By:
breloom
Quiz
Plays
Rating
Category
Featured
Created
NHL Lester B. Pearson Award
752
4.25
Sports
Dec 4, 2009
2008 NHL Entry Draft
659
4.00
Sports
Dec 30, 2009
2005 NHL Entry Draft
581
Sports
Apr 3, 2010
2007 NHL Entry Draft
233
Sports
Mar 10, 2010
2009 NHL Entry Draft
199
Sports
Mar 8, 2010
Go to Creator's Profile
Score Distribution
Quiz Creator Spotlight
breloom
Follow
Send a Message
Quizzes Created
-
Created Quiz Play Count
-
More By This Creator
Popular Quizzes Today
1
Find the Countries of Europe - No Outlines Minefield
2
Find the US States - No Outlines Minefield
3
The Countries of the World
4
Popular People in 1961
5
US States
6
1-10 Letter E Words III
7
Find the US States
8
Risky Map Clicking: Biggest States A-Z
More Sports Quizzes
Before and After: Sports & Entertainment
Published
Trending Quizzes
Risky Map Clicking: Least Populous States A-Z
1-10 Letter F Words
1-10 Letter G Words
One Thing in Common: United Kingdom
Risky Map Clicking: Next State Alphabetically
Recently Updated
Leaping Animals
pecheneg
Reality TV Shows (A-Z)
bhenderson79
Rickey Henderson's Hall of Fame Teammates
pecheneg
Champions League XIs: Arsenal
pecheneg
Quick Pick: Celebrities in WWE's Hall of Fame
aduchscher
A-Z Keypad Blitz II
pecheneg
Multiple Oscar Actors
pecheneg
Mystery Phrase Blitz: Oscar 'Best Actors'
pecheneg
F. Scott Fitzgerald Novels
LTH
Pick 3 Villains
ddd62291
Trending Topics
NBA
Disney
Anime
Kpop
Crossword
Marvel
Harry Potter
Soccer
Song
Puzzle
NFL
Pokémon
Country
WWE
The Office
Your Account Isn't Verified!
In order to create a playlist on Sporcle, you need to verify the email address you used during registration. Go to your
Sporcle Settings
to finish the process.
Report this User
Report this user for behavior that violates our
Community Guidelines
.
Details:
Send Report
Go to the Sporcle.com Mobile Site →
Comments